00671nam a2200157Ia 4500008004100000100002500041245007000066245013200136260005300268260001600321300000800337650001500345856006100360999001900421952007300440170221s9999 xx 000 0 und d aNatalya А. Knyazeva aPsychological and Managerial Problems of Modern Higher Education  cNatalya А. Knyazeva, Aleksandr G. Gryaznukhin, Pavel A. Kislyakov, Vladimir I. Esaulov, Yulia I. Kekteeva, Zinaida V. Polivara bInternational Review of Management and Marketing cAugust 2013 a2:3 xMarketing. uhttp://www.econjournals.com/index.php/irmm/issue/view/70 c310321d310321 001040aCLbCLd2017-02-21l0r2017-02-21 00:00:00w2017-02-21yFOJ